Statystyki dla Skład Chelsea w Premier League 2023/24

Kliknij tutaj aby rozwiązać quiz!

Ogólne statystyki

  • Ten quiz został rozwiązany 278 razy
  • Średni wynik to 20 z 30

Statystyki odpowiedzi

NumerZawodnik% Poprawnych
1Robert Sanchez
92%
7Raheem Sterling
91%
24Reece James
91%
10Mychałjo Mudryk
90%
6Thiago Silva
90%
15Nicolas Jackson
89%
8Enzo Fernandez
85%
21Ben Chilwell
84%
2Axel Disasi
83%
20Cole Palmer
81%
25Moises Caicedo
79%
5Benoit Badiashile
77%
18Christopher Nkunku
76%
3Marc Cucurella
76%
23Conor Gallagher
75%
11Noni Madueke
74%
19Armando Broja
71%
27Malo Gusto
71%
33Wesley Fofana
70%
28Dorde Petrović
65%
26Levi Colwill
60%
45Romeo Lavia
59%
17Carney Chukwuemeka
54%
14Trevor Chalobah
51%
16Lesley Ugochukwu
50%
13Marcus Bettinelli
39%
29Ian Maatsen
36%
47Lucas Bergstrom
25%
50Eddie Beach
5%
37Mason Burstow
2%

Rozkład punktacji

Percentyl według liczby udzielonych odpowiedzi

Procent ludzi z każdym wynikiem

Twoja historia wyników

Nie rozwiązałeś tego quizu